[Event "53rd World U20 ch"]
[Site "Pune IND"]
[Date "2014.10.16"]
[Round "10.28"]
[White "Arat, Ufuk Sezen"]
[Black "Ritviz, Parab"]
[Result "1-0"]
[WhiteElo "2357"]
[BlackElo "2205"]
[EventDate "2014.10.06"]
[PlyCount "111"]

1.d4 Nf6 2.c4 g6 3.Nc3 Bg7 4.e4 d6 5.Nf3 O-O 6.Be2 e5 7.O-O Nc6 8.d5 Ne7 
9.Ne1 Ne8 10.Be3 f5 11.f3 f4 12.Bf2 g5 13.c5 Ng6 14.Rc1 Rf7 15.cxd6 Nxd6 
16.Nd3 h5 17.Nc5 Nf8 18.Nb5 a6 19.Nxd6 cxd6 20.Na4 Nd7 21.b4 Bh6 22.b5 
axb5 23.Bxb5 g4 24.Qb3 g3 25.Be1 Nb6 26.Rc2 gxh2+ 27.Kxh2 Nxa4 28.Bxa4 Rg7
29.Bb5 Kh7 30.a4 Qg5 31.Qb4 Qf6 32.Bf2 h4 33.Qe1 Bg5 34.Rh1 h3 35.gxh3 Qh6
36.h4 Bg4 37.fxg4 Bxh4 38.Kg2 Rxg4+ 39.Kf1 Rg3 40.Bxg3 fxg3 41.Kg2 Rf8 42.
Rxh4 Qxh4 43.Qh1 Qxh1+ 44.Kxh1 Rf4 45.Kg2 Kh6 46.Bd3 Kg5 47.Kxg3 Rg4+ 48.
Kf3 Rf4+ 49.Ke3 Rh4 50.Rg2+ Kf6 51.Rb2 Rh3+ 52.Kd2 Rh2+ 53.Kc3 Rh7 54.Rb6 
Rc7+ 55.Kb4 Ke7 56.Bb5 1-0

[Event "53rd World U20 ch"]
[Site "Pune IND"]
[Date "2014.10.16"]
[Round "10.29"]
[White "Von Meijenfeldt, Bart"]
[Black "Mohammad, Ashraf"]
[Result "1-0"]
[WhiteElo "2354"]
[BlackElo "2132"]
[EventDate "2014.10.06"]
[PlyCount "61"]

1.e4 d5 2.exd5 Nf6 3.d4 Bg4 4.Be2 Bxe2 5.Qxe2 Qxd5 6.Nf3 Nc6 7.c4 Qf5 8.
O-O O-O-O 9.d5 Nb4 10.a3 Nd3 11.Be3 Nf4 12.Bxf4 Qxf4 13.Nc3 e6 14.dxe6 
fxe6 15.Rad1 Bd6 16.Qxe6+ Kb8 17.Rd4 Qh6 18.Rfd1 Qh5 19.Nd5 Nd7 20.Nf4 
Bxf4 21.Rxd7 Bd6 22.R1xd6 Rde8 23.Qd5 Qxd5 24.Rxd5 Kc8 25.Rxg7 Rd8 26.
Rxd8+ Rxd8 27.g4 Rf8 28.Ne5 h6 29.Rh7 Re8 30.f4 b6 31.Rxh6 1-0

[Event "53rd World U20 ch"]
[Site "Pune IND"]
[Date "2014.10.16"]
[Round "10.30"]
[White "Gajwa, Ankit"]
[Black "Kozganbay, Erkin"]
[Result "0-1"]
[WhiteElo "2110"]
[BlackElo "2328"]
[EventDate "2014.10.06"]
[PlyCount "136"]

1.e4 e5 2.Nf3 Nc6 3.Bb5 a6 4.Ba4 Nge7 5.c3 g6 6.d4 exd4 7.cxd4 b5 8.Bc2 d5
9.exd5 Nb4 10.Bb3 Nbxd5 11.O-O Bg7 12.Nc3 O-O 13.Bg5 Nf6 14.Re1 Bb7 15.Rc1
Qd6 16.Ne5 Nf5 17.Bxf6 Bxf6 18.Ne4 Bxe4 19.Rxe4 a5 20.Rc6 Qd8 21.Rc5 a4 
22.Bd5 Ra6 23.Bc6 Bxe5 24.Rexe5 Nxd4 25.Rcd5 Qf6 26.Bxb5 Nxb5 27.Rxb5 Rd6 
28.Qf3 c6 29.Rbc5 Rb8 30.b3 axb3 31.axb3 Qxf3 32.gxf3 Rxb3 33.Re3 Rxe3 34.
fxe3 Kf8 35.Kf2 Ke7 36.e4 Kd7 37.Ke3 Rd1 38.Rc2 Kd6 39.Ke2 Ra1 40.Ke3 h5 
41.Kf4 Ra5 42.e5+ Kd7 43.h4 Rd5 44.Ke4 Rd1 45.Kf4 Rd5 46.Ke4 Ra5 47.Kf4 
Kc7 48.Re2 Kd7 49.Rc2 Rb5 50.Rd2+ Ke7 51.Rc2 c5 52.Kg5 Ke6 53.f4 Ra5 54.
Rc1 Kd5 55.Kf6 Ra7 56.Rd1+ Ke4 57.Rc1 Rc7 58.Rc4+ Kd3 59.Rc1 c4 60.f5 gxf5
61.Kxf5 c3 62.Kg5 Rc5 63.Kf6 c2 64.Rg1 Kd2 65.Rg2+ Kc3 66.Rg1 Kb2 67.Kxf7 
Rxe5 68.Kf6 Rc5 0-1

[Event "53rd World U20 ch"]
[Site "Pune IND"]
[Date "2014.10.16"]
[Round "10.31"]
[White "Grover, Sahaj"]
[Black "Megalios, Konstantinos"]
[Result "1-0"]
[WhiteElo "2491"]
[BlackElo "2196"]
[EventDate "2014.10.06"]
[PlyCount "59"]

1.e4 d5 2.exd5 Qxd5 3.Nc3 Qa5 4.Bc4 Nf6 5.d3 Bg4 6.f3 Bd7 7.Be3 e6 8.a3 c5
9.Qd2 Be7 10.Nge2 O-O 11.O-O Qc7 12.Bf4 Qc8 13.Ng3 Rd8 14.Rae1 Nc6 15.Nce4
Be8 16.Nxf6+ Bxf6 17.Bg5 Bxg5 18.Qxg5 Nd4 19.Nh5 Nf5 20.g4 h6 21.Qf4 Nd4 
22.c3 b5 23.Ba2 Nc6 24.g5 Qb8 25.Qe3 hxg5 26.Qxg5 g6 27.Rxe6 fxe6 28.Bxe6+
Kh7 29.Nf6+ Kg7 30.Ng4 1-0

[Event "53rd World U20 ch"]
[Site "Pune IND"]
[Date "2014.10.16"]
[Round "10.32"]
[White "Westerberg, Jonathan"]
[Black "Sai Vishwesh, Chandrakaladaran"]
[Result "1/2-1/2"]
[WhiteElo "2420"]
[BlackElo "2151"]
[EventDate "2014.10.06"]
[PlyCount "73"]

1.e4 c5 2.Nc3 Nc6 3.f4 g6 4.Nf3 Bg7 5.Be2 d6 6.O-O Nf6 7.d3 O-O 8.Qe1 Rb8 
9.a4 a6 10.Qh4 Nd4 11.Bd1 b5 12.axb5 Nxb5 13.f5 Nxc3 14.bxc3 gxf5 15.Bh6 
Bxh6 16.Qxh6 Ng4 17.Qh5 Nf6 18.Qh4 Kg7 19.exf5 Bxf5 20.Rxa6 Bg6 21.Qg5 Rg8
22.Nh4 Kh8 23.Qe3 Nd5 24.Qe1 Rb1 25.Nxg6+ Rxg6 26.c4 Qc8 27.Ra7 Rxd1 28.
Qxd1 Rxg2+ 29.Kxg2 Ne3+ 30.Kh1 Nxd1 31.Rxd1 Qc6+ 32.Kg1 Qf3 33.Re1 Qg4+ 
34.Kh1 Qf3+ 35.Kg1 Qg4+ 36.Kh1 Qf3+ 37.Kg1 1/2-1/2

[Event "53rd World U20 ch"]
[Site "Pune IND"]
[Date "2014.10.16"]
[Round "10.33"]
[White "Pranav, Shetty"]
[Black "Deac, Bogdan-Daniel"]
[Result "0-1"]
[WhiteElo "2191"]
[BlackElo "2402"]
[EventDate "2014.10.06"]
[PlyCount "112"]

1.e4 c5 2.Nf3 e6 3.d4 cxd4 4.Nxd4 a6 5.Bd3 Bc5 6.Nb3 Be7 7.Qg4 Bf6 8.Nc3 
Nc6 9.Bd2 d6 10.O-O-O e5 11.Qe2 Be6 12.Bc4 Nge7 13.Be3 Qc7 14.Bxe6 fxe6 
15.g4 Ng6 16.g5 Bd8 17.Qd2 Be7 18.h4 O-O 19.Ne2 a5 20.Kb1 a4 21.Nbc1 a3 
22.b3 Rfd8 23.h5 Nf8 24.f4 d5 25.exd5 Rxd5 26.Qc3 Qd7 27.Rxd5 Qxd5 28.Rg1 
Rd8 29.Nd3 Qf3 30.Bb6 Qxe2 31.Bxd8 Bxd8 32.Nxe5 Nxe5 33.fxe5 Bb6 34.Re1 
Qxh5 35.Qb4 Bf2 36.Rf1 Qe2 37.Rh1 Qf3 38.Rf1 Bc5 39.Rxf3 Bxb4 40.c3 Be7 
41.b4 Nd7 42.Kc2 Bxg5 43.Kb3 h5 44.c4 Nxe5 45.Rh3 h4 46.c5 Kf7 47.Kxa3 Be7
48.Kb3 g5 49.Re3 Kf6 50.Kc3 g4 51.Kd4 g3 52.Rxe5 g2 53.Re1 h3 54.c6 bxc6 
55.b5 cxb5 56.a3 h2 0-1

[Event "53rd World U20 ch"]
[Site "Pune IND"]
[Date "2014.10.16"]
[Round "10.34"]
[White "Cabarkapa, Novak"]
[Black "Sammed Jaykumar, Shete"]
[Result "0-1"]
[WhiteElo "2379"]
[BlackElo "2139"]
[EventDate "2014.10.06"]
[PlyCount "82"]

1.e4 c6 2.Nc3 d5 3.Qe2 dxe4 4.Nxe4 Bf5 5.d3 e6 6.Bd2 Nd7 7.g4 Bxe4 8.dxe4 
Qc7 9.O-O-O O-O-O 10.f4 Bc5 11.e5 Ne7 12.Nf3 h6 13.h4 Nd5 14.c4 N5b6 15.
Ba5 Be7 16.h5 c5 17.Bh3 Nb8 18.b3 Nc6 19.Bc3 Rxd1+ 20.Rxd1 Rd8 21.f5 Rxd1+
22.Qxd1 Qd7 23.f6 Bf8 24.Qc2 gxf6 25.exf6 Qd6 26.Qe4 Qg3 27.Bf1 Nd4 28.
Bxd4 cxd4 29.Be2 Nd7 30.Qxd4 Bc5 31.Qe4 Nxf6 32.Qe5 Qf2 33.g5 hxg5 34.h6 
Qe3+ 35.Kd1 g4 36.Qxf6 gxf3 37.Qxf3 Qxh6 38.Qxf7 Bb4 39.Qg8+ Kd7 40.Qf7+ 
Kd8 41.Qg8+ Ke7 0-1

[Event "53rd World U20 ch"]
[Site "Pune IND"]
[Date "2014.10.16"]
[Round "10.35"]
[White "Blazeka, Matej"]
[Black "Shailesh, Dravid"]
[Result "0-1"]
[WhiteElo "2311"]
[BlackElo "2074"]
[EventDate "2014.10.06"]
[PlyCount "49"]

1.e4 e6 2.d4 d5 3.Nd2 c5 4.Ngf3 Nc6 5.exd5 exd5 6.Be2 Bd6 7.dxc5 Bxc5 8.
Nb3 Bd6 9.O-O Nge7 10.Bg5 O-O 11.Bh4 Bg4 12.Bg3 Re8 13.Nfd4 Bxe2 14.Nxe2 
Qd7 15.Nf4 Bxf4 16.Bxf4 d4 17.Qd2 Rad8 18.Rad1 Ng6 19.Bg3 Qf5 20.Rfe1 
Rxe1+ 21.Rxe1 h5 22.h3 h4 23.Bh2 d3 24.cxd3 Rxd3 25.Re8+ 0-1

[Event "53rd World U20 ch"]
[Site "Pune IND"]
[Date "2014.10.16"]
[Round "10.36"]
[White "Nishant, Malhotra"]
[Black "Lokesh, P."]
[Result "1/2-1/2"]
[WhiteElo "2129"]
[BlackElo "2303"]
[EventDate "2014.10.06"]
[PlyCount "140"]

1.d4 Nf6 2.c4 e6 3.Nc3 Bb4 4.f3 d5 5.a3 Bxc3+ 6.bxc3 c5 7.cxd5 Nxd5 8.dxc5
Qa5 9.e4 Ne7 10.Be3 O-O 11.Qb3 Qc7 12.Bb5 Nec6 13.Ne2 Na5 14.Qb4 e5 15.O-O
Na6 16.Bxa6 bxa6 17.Rad1 Be6 18.Rd5 Rab8 19.Qa4 f5 20.Rfd1 fxe4 21.fxe4 
Bg4 22.Re1 Rf7 23.Nc1 Bd7 24.c6 Nxc6 25.Qxa6 Be6 26.Rc5 Rb6 27.Qe2 Qb8 28.
Nd3 a5 29.h3 Rd7 30.Rf1 Qd6 31.Nxe5 Nxe5 32.Rxe5 Qxe5 33.Bxb6 Qxc3 34.Qa6 
Qc6 35.Qxa5 Qxe4 36.Qb4 Qxb4 37.axb4 h6 38.Rf2 Rd3 39.Bc5 Rb3 40.Kh2 h5 
41.Rf8+ Kh7 42.Re8 Bf7 43.Re5 Kg6 44.Be7 Bc4 45.h4 Kf7 46.Bc5 g6 47.Kg1 
Be6 48.Kf2 Kf6 49.Re2 Kf7 50.Ke1 Rb1+ 51.Kf2 Rb3 52.Bd6 Kf6 53.g3 Kf7 54.
Re5 Kf6 55.Rb5 Bc4 56.Rb8 Ke6 57.Bf4 Kd5 58.Ke1 Bd3 59.Kd2 Be4 60.b5 Kd4 
61.Rd8+ Kc4 62.b6 Rxb6 63.Be5 Bf5 64.Ke3 Rc6 65.Kf4 Bc2 66.Kg5 Bb1 67.Rd4+
Kb3 68.Bf6 Bc2 69.Rd8 Rc5+ 70.Kh6 Rc6 1/2-1/2

[Event "53rd World U20 ch"]
[Site "Pune IND"]
[Date "2014.10.16"]
[Round "10.37"]
[White "Swain, Ashirwad"]
[Black "Harsha, Bharathakoti"]
[Result "0-1"]
[WhiteElo "1998"]
[BlackElo "2296"]
[EventDate "2014.10.06"]
[PlyCount "72"]

1.e4 c5 2.Nf3 e6 3.c4 a6 4.Nc3 Qc7 5.Be2 Nf6 6.O-O d6 7.d4 cxd4 8.Nxd4 Be7
9.Be3 b6 10.f4 Bb7 11.Bf3 Nbd7 12.Rc1 Nc5 13.f5 e5 14.Nb3 O-O 15.Nxc5 bxc5
16.Nd5 Bxd5 17.cxd5 Rfb8 18.Rc2 Qd8 19.b3 Ne8 20.Be2 Nc7 21.Qd2 Bf6 22.Bc4
Nb5 23.Bxb5 axb5 24.g4 h6 25.Rf2 Ra3 26.Rg2 Rba8 27.g5 hxg5 28.h4 gxh4 29.
Qe2 c4 30.Bh6 Kf8 31.bxc4 gxh6 32.cxb5 Qb6+ 33.Kh2 Bg5 34.Rxg5 hxg5 35.f6 
Ke8 36.Qc4 Qc5 0-1

[Event "53rd World U20 ch"]
[Site "Pune IND"]
[Date "2014.10.16"]
[Round "10.38"]
[White "Viani D`Cunha, Antonio"]
[Black "Godbole, Atharva"]
[Result "1-0"]
[WhiteElo "2257"]
[BlackElo "2009"]
[EventDate "2014.10.06"]
[PlyCount "75"]

1.e4 e5 2.Nf3 Nc6 3.Bc4 Nf6 4.d3 Bc5 5.O-O a6 6.Bb3 O-O 7.Nbd2 d6 8.c3 Ba7
9.h3 Be6 10.Nc4 Bxc4 11.Bxc4 Na5 12.Bg5 Nxc4 13.dxc4 h6 14.Bxf6 Qxf6 15.
Qd5 c6 16.Qa5 Qf4 17.Qc7 Qxe4 18.Qxd6 Qxc4 19.Qxe5 Rae8 20.Qc7 Qb5 21.b4 
Bb6 22.Qd7 Rd8 23.Qg4 Rd6 24.Nh4 Rf6 25.Rae1 Qd3 26.c4 h5 27.Qe4 Qd2 28.c5
Bc7 29.Nf3 Qxa2 30.Qe7 Bf4 31.Qxb7 Rb8 32.Qd7 Rxb4 33.Re8+ Kh7 34.Qd3+ g6 
35.Qc3 Qb2 36.Qd3 Qa2 37.Rfe1 Qd5 38.Qc3 1-0

[Event "53rd World U20 ch"]
[Site "Pune IND"]
[Date "2014.10.16"]
[Round "10.39"]
[White "Vokhidov, Shamsiddin"]
[Black "Prasannaa, S."]
[Result "0-1"]
[WhiteElo "2119"]
[BlackElo "2232"]
[EventDate "2014.10.06"]
[PlyCount "110"]

1.e4 b6 2.d4 Bb7 3.Bd3 e6 4.Ne2 c5 5.c3 Nf6 6.f3 d5 7.e5 Nfd7 8.f4 Nc6 9.
a3 a5 10.Be3 Be7 11.f5 Bh4+ 12.g3 Bg5 13.Bf2 c4 14.Bc2 Ncxe5 15.dxe5 d4 
16.fxe6 Nxe5 17.Bxd4 Nf3+ 18.Kf2 O-O 19.h4 Bh6 20.Be3 fxe6 21.Qxd8 Raxd8 
22.Bxh6 Nd4+ 23.Bf4 Nxc2 24.Rc1 Nxa1 25.Kg1 Nb3 26.Re1 Rd3 27.a4 e5 28.
Bxe5 Re8 29.Bf4 Rxe2 30.Rxe2 Rd1+ 31.Kf2 Rxb1 32.Bd6 Rd1 33.Re8+ Kf7 34.
Re7+ Kf6 35.Ba3 Rd2+ 36.Ke3 Bc6 37.Rc7 Bd5 38.g4 Rd3+ 39.Kf2 h6 40.Bf8 g5 
41.h5 Nc5 42.Bxh6 Ne6 43.Rc8 Kf7 44.Rh8 Rf3+ 45.Ke2 Rg3 46.Rh7+ Kf6 47.Rd7
Rd3 48.Kf2 Bc6 49.Rh7 Rd2+ 50.Ke3 Rxb2 51.Rh8 Rc2 52.Rg8 Rxc3+ 53.Ke2 Bf3+
54.Kf2 Bxg4 55.Rg6+ Kf5 0-1

[Event "53rd World U20 ch"]
[Site "Pune IND"]
[Date "2014.10.16"]
[Round "10.40"]
[White "Sidhant, Mohapatra"]
[Black "Nihal, Sarin"]
[Result "1/2-1/2"]
[WhiteElo "2382"]
[BlackElo "2018"]
[EventDate "2014.10.06"]
[PlyCount "179"]

1.d4 Nf6 2.Nf3 g6 3.g3 Bg7 4.Bg2 d5 5.O-O O-O 6.c4 c6 7.Nc3 Nbd7 8.cxd5 
cxd5 9.Bf4 a6 10.Rc1 e6 11.Qb3 b6 12.Bd6 Re8 13.Ne5 Nxe5 14.Bxe5 Nd7 15.
Bxg7 Kxg7 16.e4 dxe4 17.Nxe4 Rb8 18.Nd6 Rf8 19.Rc6 Nf6 20.Nxc8 Rxc8 21.
Rxc8 Qxc8 22.Qxb6 Qc4 23.b3 Qe2 24.a4 Rc8 25.Bb7 Rc2 26.Qxa6 Qd2 27.Qd6 
Rb2 28.Qe5 Rxb3 29.Bc6 Ra3 30.h4 h5 31.Bb5 Ra2 32.Qe3 Qxe3 33.fxe3 Ne4 34.
Be8 Nd6 35.Bc6 Rc2 36.d5 Rc5 37.Rd1 exd5 38.Bxd5 Nf5 39.e4 Nxg3 40.Kf2 
Nxe4+ 41.Bxe4 Rc4 42.Ke3 Rxa4 43.Rd7 Ra6 44.Bd5 Rf6 45.Ke4 Rf5 46.Rb7 Kg8 
47.Kd4 Kg7 48.Kc5 Rf6 49.Bb3 Kg8 50.Kd5 Kg7 51.Ke5 Rf5+ 52.Kd6 Rf6+ 53.Ke7
Rf1 54.Bc4 Rf4 55.Bd5 Rf1 56.Kd8 Rf2 57.Re7 Kf8 58.Rd7 Rf1 59.Kc7 Kg7 60.
Kd6 Kf8 61.Ra7 Kg7 62.Ke5 Rf5+ 63.Ke4 Rf6 64.Ke3 Kg8 65.Be4 Kg7 66.Ra4 Kg8
67.Ra8+ Kg7 68.Rb8 Re6 69.Kd4 Rf6 70.Re8 Rf1 71.Re7 Kf8 72.Ra7 Kg7 73.Ke3 
Rf6 74.Bd3 Kh7 75.Bc4 Kg7 76.Rc7 Rf5 77.Ke4 Kg8 78.Ra7 Kg7 79.Ra1 Kg8 80.
Rg1 Kg7 81.Rg2 Kh6 82.Bd5 Kg7 83.Bc4 Kh6 84.Rg3 Kg7 85.Ke3 Rf6 86.Bb5 Rf5 
87.Bd7 Rf1 88.Bh3 Rf6 89.Rg1 Rb6 90.Bc8 1/2-1/2

[Event "53rd World U20 ch"]
[Site "Pune IND"]
[Date "2014.10.16"]
[Round "10.41"]
[White "Gahwiler, Gabriel"]
[Black "Rahul Srivatshav, P."]
[Result "1-0"]
[WhiteElo "2360"]
[BlackElo "2061"]
[EventDate "2014.10.06"]
[PlyCount "59"]

1.e4 c5 2.d4 cxd4 3.c3 d3 4.c4 Nc6 5.Bxd3 e6 6.Nc3 Nf6 7.Nf3 d6 8.O-O Be7 
9.h3 O-O 10.Bf4 a6 11.e5 dxe5 12.Nxe5 Nxe5 13.Bxe5 Nd7 14.Bg3 Qb6 15.Qb3 
Qa5 16.Qc2 g6 17.Rfe1 Bf6 18.Ne4 Bg7 19.Bd6 Re8 20.c5 Ne5 21.Nd2 Nxd3 22.
Qxd3 Qb5 23.Nc4 Bd7 24.a4 Qc6 25.Rad1 Rad8 26.b3 Bc8 27.Qg3 b5 28.cxb6 Bb7
29.Bc7 Rd5 30.Ne3 1-0

[Event "53rd World U20 ch"]
[Site "Pune IND"]
[Date "2014.10.16"]
[Round "10.42"]
[White "Gandhi, Anish"]
[Black "Fisher, William"]
[Result "1-0"]
[WhiteElo "2068"]
[BlackElo "2313"]
[EventDate "2014.10.06"]
[PlyCount "81"]

1.d4 Nf6 2.c4 e6 3.g3 d5 4.Nf3 Be7 5.Bg2 O-O 6.O-O dxc4 7.Qc2 a6 8.Qxc4 b5
9.Qc2 Bb7 10.Bd2 Be4 11.Qc1 Bb7 12.Ba5 Bd6 13.Nbd2 Nc6 14.Nb3 b4 15.Nfd2 
Nxa5 16.Nxa5 Bxg2 17.Kxg2 Bf4 18.Nab3 Qd5+ 19.Kg1 Bxd2 20.Qxd2 a5 21.f3 
Rfd8 22.e4 Qb5 23.Qe3 a4 24.Nc5 a3 25.b3 Nd7 26.Rac1 Nxc5 27.Rxc5 Qb6 28.
Rfc1 Rd7 29.R1c4 Rad8 30.Kg2 h6 31.Rc6 Qa7 32.Qf4 Rxd4 33.Rxc7 Rd2+ 34.Kh3
Rxh2+ 35.Kxh2 Qf2+ 36.Kh3 Qf1+ 37.Kg4 h5+ 38.Kg5 f6+ 39.Kg6 Kf8 40.Rf7+ 
Ke8 41.Qc7 1-0

[Event "53rd World U20 ch"]
[Site "Pune IND"]
[Date "2014.10.16"]
[Round "10.43"]
[White "Praneeth Surya, K."]
[Black "Arjun, Satheesh"]
[Result "1-0"]
[WhiteElo "2251"]
[BlackElo "2004"]
[EventDate "2014.10.06"]
[PlyCount "81"]

1.e4 e6 2.d4 d5 3.Nc3 Bb4 4.e5 c5 5.a3 Bxc3+ 6.bxc3 Nc6 7.Qg4 g6 8.Nf3 Qa5
9.Bd2 Qa4 10.Be2 cxd4 11.Bd3 b6 12.O-O Ba6 13.Bxa6 Qxa6 14.cxd4 h6 15.Qh3 
Qc4 16.c3 Na5 17.Rae1 Qa4 18.Bg5 Qxa3 19.Bf6 Nxf6 20.exf6 O-O-O 21.Ne5 Qf8
22.Ra1 Kb7 23.Qd3 Nc4 24.Nxc4 dxc4 25.Qxc4 Ra8 26.Qa6+ Kc7 27.c4 Qc8 28.
Qa3 Rd8 29.c5 b5 30.c6 a5 31.Qe7+ Kb6 32.Qc5+ Kc7 33.Rfc1 Rd6 34.Qxb5 Qa6 
35.Qe5 a4 36.Rab1 Ra7 37.Qc5 a3 38.Rb7+ Rxb7 39.cxb7+ Kxb7 40.Qc7+ Ka8 41.
Rb1 1-0

[Event "53rd World U20 ch"]
[Site "Pune IND"]
[Date "2014.10.16"]
[Round "10.44"]
[White "Muthaiah, A. L."]
[Black "Praggnanandhaa, R."]
[Result "0-1"]
[WhiteElo "2215"]
[BlackElo "1836"]
[EventDate "2014.10.06"]
[PlyCount "151"]

1.d4 d5 2.Nc3 Bf5 3.Bg5 Nf6 4.Bxf6 exf6 5.e3 c6 6.Bd3 Be6 7.Nf3 Bd6 8.O-O 
O-O 9.Ne2 Nd7 10.Nd2 Qc7 11.h3 Nb6 12.Nc3 f5 13.Qf3 g6 14.Ne2 Nd7 15.c4 
Qd8 16.Nc3 Nf6 17.cxd5 cxd5 18.Nb3 Ne4 19.Qe2 Rc8 20.Rfc1 a6 21.f4 Nxc3 
22.Rxc3 Rxc3 23.bxc3 Re8 24.Qd2 Qe7 25.Re1 h5 26.Re2 Rc8 27.Qe1 Bd7 28.Qd2
Ba4 29.Qe1 Kg7 30.Kf1 Qc7 31.Rc2 Qb6 32.Qb1 Bb5 33.Qd1 Ba4 34.Qb1 Bb5 35.
Qd1 Ba4 36.Ke2 Bxb3 37.axb3 Qxb3 38.Kd2 Qb6 39.Qa1 Qc6 40.c4 dxc4 41.d5+ 
c3+ 42.Rxc3 Qxc3+ 43.Qxc3+ Rxc3 44.Kxc3 Kf6 45.Be2 Ke7 46.g3 Bc5 47.Kd3 
Kd6 48.g4 fxg4 49.hxg4 h4 50.g5 Kxd5 51.Bf3+ Kd6 52.Bxb7 a5 53.e4 h3 54.
e5+ Ke7 55.Bd5 a4 56.Ke2 h2 57.Kf1 Be3 58.f5 Bxg5 59.f6+ Kf8 60.Kg2 Bf4 
61.e6 fxe6 62.Bxe6 a3 63.Bd5 g5 64.Be6 g4 65.Bd5 g3 66.Bc4 Be5 67.f7 Bd6 
68.Bb3 Kg7 69.Bd5 Kf6 70.Bb3 Ke5 71.Ba2 Kd4 72.Be6 Ke3 73.Bd5 h1=Q+ 74.
Kxh1 Kf2 75.f8=Q+ Bxf8 76.Be4 0-1

[Event "53rd World U20 ch"]
[Site "Pune IND"]
[Date "2014.10.16"]
[Round "10.45"]
[White "Ronka, Erik"]
[Black "Aradhya, Garg"]
[Result "0-1"]
[WhiteElo "2183"]
[BlackElo "2068"]
[EventDate "2014.10.06"]
[PlyCount "110"]

1.d4 d5 2.c4 c6 3.cxd5 cxd5 4.Bf4 Nc6 5.e3 Nf6 6.Nc3 Bf5 7.Qb3 Na5 8.Qa4+ 
Bd7 9.Qc2 Rc8 10.Bd3 e6 11.Nf3 Bb4 12.O-O a6 13.Rac1 O-O 14.Ne5 Bxc3 15.
bxc3 h6 16.Qe2 b5 17.a4 Nc4 18.axb5 Bxb5 19.Ng4 Nxg4 20.Qxg4 Nxe3 21.fxe3 
Bxd3 22.Bxh6 Bg6 23.Bg5 Qa5 24.Rf3 Rxc3 25.Rcf1 Rc2 26.Be7 Bf5 27.Qf4 Re8 
28.g4 Bg6 29.Bd6 Rec8 30.h4 f6 31.Bc5 Qa2 32.R3f2 Be4 33.g5 e5 34.Qg3 f5 
35.Qxe5 Rxf2 36.Rxf2 Qa1+ 37.Rf1 Qb2 38.Qh2 Qc3 39.Qf2 Rb8 40.Qe1 Qd3 41.
Qf2 Qc3 42.Re1 Rb2 43.Re2 Rb1+ 44.Kh2 Rh1+ 45.Kg3 Qc1 46.Rb2 Rg1+ 47.Kh3 
Rg4 48.Bd6 Qh1+ 49.Bh2 Kh7 50.Ra2 a5 51.Rb2 a4 52.h5 a3 53.Ra2 Bg2+ 54.
Qxg2 Rxg2 55.Rxg2 Qxg2+ 0-1

[Event "53rd World U20 ch"]
[Site "Pune IND"]
[Date "2014.10.16"]
[Round "10.46"]
[White "Roshan, Rangarajan"]
[Black "Rakesh, Kumar Jena"]
[Result "1/2-1/2"]
[WhiteElo "2088"]
[BlackElo "2164"]
[EventDate "2014.10.06"]
[PlyCount "137"]

1.e4 c5 2.c3 d5 3.exd5 Qxd5 4.d4 cxd4 5.cxd4 e5 6.Nf3 Nc6 7.Nc3 Bb4 8.Bd2 
Bxc3 9.Bxc3 e4 10.Ne5 Nxe5 11.dxe5 Ne7 12.Be2 O-O 13.O-O Bf5 14.Qa4 Qc6 
15.Qxc6 Nxc6 16.f4 Rfd8 17.Rfd1 Be6 18.Kf2 f5 19.exf6 gxf6 20.Bxf6 Rf8 21.
Bc3 Rxf4+ 22.Ke3 Rh4 23.Rd6 Re8 24.Rxe6 Rxe6 25.Bc4 Kf7 26.Rf1+ Ke7 27.
Bxe6 Kxe6 28.h3 Ne7 29.Be1 Nd5+ 30.Kd4 Rh5 31.Kxe4 Re5+ 32.Kd3 Re3+ 33.Kd2
Re4 34.Bf2 Nf4 35.Bxa7 Nxg2 36.Rg1 Nf4 37.Rg7 Re2+ 38.Kc3 Nd5+ 39.Kb3 h5 
40.Rxb7 Rh2 41.a4 Rxh3+ 42.Kc4 Rh1 43.a5 Kd6 44.Rh7 Rc1+ 45.Kb3 Ra1 46.Bb6
Nxb6 47.axb6 Ra6 48.Rh6+ Kc5 49.Rxh5+ Kc6 50.Rh6+ Kb7 51.Kb4 Ra2 52.b3 Rg2
53.Ka4 Rg4+ 54.b4 Rg5 55.Rd6 Rh5 56.Kb3 Rh3+ 57.Kc4 Rh4+ 58.Kc5 Rh5+ 59.
Rd5 Rxd5+ 60.Kxd5 Kxb6 61.Kc4 Kc6 62.b5+ Kb6 63.Kb4 Kb7 64.Kc5 Kc7 65.b6+ 
Kb7 66.Kb5 Kb8 67.Kc6 Kc8 68.b7+ Kb8 69.Kb6 1/2-1/2

[Event "53rd World U20 ch"]
[Site "Pune IND"]
[Date "2014.10.16"]
[Round "10.47"]
[White "Iniyan, P."]
[Black "Yogit, S."]
[Result "0-1"]
[WhiteElo "2151"]
[BlackElo "1954"]
[EventDate "2014.10.06"]
[PlyCount "72"]

1.e4 e5 2.Nf3 Nc6 3.Bb5 a6 4.Ba4 Nf6 5.O-O Be7 6.Re1 b5 7.Bb3 d6 8.h3 Na5 
9.c3 Nxb3 10.axb3 O-O 11.d4 exd4 12.cxd4 Bb7 13.d5 c5 14.dxc6 Bxc6 15.Nc3 
Re8 16.Nd4 Bb7 17.b4 d5 18.e5 Ne4 19.f3 Ng5 20.Nc2 Ne6 21.Qd3 d4 22.Ne2 
Qd5 23.Nf4 Nxf4 24.Bxf4 Rac8 25.Rad1 Qc4 26.Re2 Bd5 27.Rf2 Be6 28.Qxc4 
Rxc4 29.Rxd4 Rxd4 30.Nxd4 Bxb4 31.Nxe6 Rxe6 32.Rc2 h6 33.Rc8+ Kh7 34.Bg3 
g5 35.Kf2 f6 36.exf6 Be1+ 0-1

[Event "53rd World U20 ch"]
[Site "Pune IND"]
[Date "2014.10.16"]
[Round "10.48"]
[White "Ganesh, R."]
[Black "Abhishek, A."]
[Result "1-0"]
[WhiteElo "2030"]
[BlackElo "2138"]
[EventDate "2014.10.06"]
[PlyCount "121"]

1.d4 e6 2.Nf3 Nf6 3.c4 b6 4.g3 Bb4+ 5.Bd2 Bxd2+ 6.Nbxd2 Bb7 7.Bg2 O-O 8.
Qc2 c5 9.O-O cxd4 10.Nxd4 Bxg2 11.Kxg2 Nc6 12.Nxc6 dxc6 13.Rfd1 Qe7 14.Nf3
e5 15.c5 bxc5 16.Rac1 e4 17.Nh4 Qe6 18.Qxc5 Qxa2 19.Rc2 Rad8 20.Rcd2 Rxd2 
21.Rxd2 h6 22.Nf5 Qe6 23.Rd6 Nd7 24.Rxe6 Nxc5 25.Rxc6 Ne6 26.Rc4 Rb8 27.b4
g6 28.Nxh6+ Kg7 29.Ng4 f5 30.Ne5 Rb5 31.Nc6 a6 32.f4 exf3+ 33.exf3 Rd5 34.
Rc2 Rd6 35.Ne5 f4 36.Ra2 fxg3 37.hxg3 Nc7 38.f4 Rb6 39.Rd2 Ne8 40.Rd7+ Kf6
41.Ra7 Kf5 42.Rf7+ Ke6 43.Rf8 Ke7 44.Rg8 Rxb4 45.Nxg6+ Kf7 46.Rf8+ Kxg6 
47.Rxe8 Ra4 48.Kh3 a5 49.Re6+ Kf5 50.Re5+ Kf6 51.Kg4 Ra1 52.Rb5 a4 53.Rb6+
Ke7 54.Kf5 a3 55.Ra6 a2 56.g4 Ke8 57.Ra7 Kd8 58.g5 Ke8 59.g6 Kd8 60.g7 Rg1
61.Kf6 1-0

[Event "53rd World U20 ch"]
[Site "Pune IND"]
[Date "2014.10.16"]
[Round "10.49"]
[White "Kumar, Gaurav"]
[Black "Patil, Pratik"]
[Result "0-1"]
[WhiteElo "1945"]
[BlackElo "2231"]
[EventDate "2014.10.06"]
[PlyCount "131"]

1.e4 e5 2.Nf3 Nc6 3.Bc4 Nf6 4.d3 Be7 5.O-O O-O 6.c3 d6 7.h3 a6 8.Bb3 b5 9.
Re1 Nb8 10.Nbd2 Nbd7 11.Nf1 Bb7 12.Ng3 Re8 13.Ng5 d5 14.exd5 Bxd5 15.Bxd5 
Nxd5 16.Qh5 Bxg5 17.Bxg5 f6 18.Bd2 Qe7 19.d4 Qf7 20.Qxf7+ Kxf7 21.b3 exd4 
22.cxd4 Rxe1+ 23.Rxe1 Re8 24.Rxe8 Kxe8 25.Nf5 Kf7 26.Ne3 Ke6 27.Nc2 f5 28.
Kf1 N7f6 29.Ke2 Ne4 30.a3 Nef6 31.Nb4 Nxb4 32.Bxb4 Kd5 33.Kd3 Ne4 34.f3 
Ng5 35.Bd2 Ne6 36.Be3 h6 37.Kc3 Nd8 38.Kd3 Nc6 39.g3 Na5 40.Kc3 Nc6 41.b4 
Nd8 42.Kd3 Ne6 43.Kc3 Kc6 44.Kd3 Kd6 45.Kc3 Kd5 46.Kd3 g5 47.g4 f4 48.Bf2 
Nd8 49.Be1 Nf7 50.Bd2 Nd6 51.Bc1 Nc4 52.Kc3 Nb6 53.Kd3 Na4 54.Bd2 Nb2+ 55.
Kc3 Nd1+ 56.Kd3 Nb2+ 57.Kc3 Nd1+ 58.Kd3 Nf2+ 59.Ke2 Nxh3 60.Bc3 Kc4 61.Ba1
c6 62.Kf1 Kd3 63.Kg2 Ke3 64.Bb2 Nf2 65.Bc1+ Ke2 66.Bb2 0-1

[Event "53rd World U20 ch"]
[Site "Pune IND"]
[Date "2014.10.16"]
[Round "10.50"]
[White "Rakesh, Kumar Nayak"]
[Black "Rindlisbacher, Jan"]
[Result "0-1"]
[WhiteElo "2057"]
[BlackElo "2217"]
[EventDate "2014.10.06"]
[PlyCount "56"]

1.c4 e5 2.Nc3 Nf6 3.g3 c6 4.d4 exd4 5.Qxd4 d5 6.Bg2 dxc4 7.Qxc4 Be6 8.Qa4 
Nbd7 9.Nf3 Be7 10.O-O Nc5 11.Qc2 Qc8 12.Ng5 Bd7 13.e4 h6 14.Nf3 O-O 15.Be3
Re8 16.Nd4 Bh3 17.Nf5 Bxg2 18.Kxg2 Bf8 19.f3 Ne6 20.Ne2 Nd7 21.Qc3 Qc7 22.
Rad1 Red8 23.Nf4 Qe5 24.Nxe6 Qxe6 25.Bd4 g6 26.Nh4 c5 27.Be3 Qxa2 28.Qd2 
Kh7 0-1

[Event "53rd World U20 ch"]
[Site "Pune IND"]
[Date "2014.10.16"]
[Round "10.51"]
[White "Pastar, Slaven"]
[Black "Krishna Teja, N."]
[Result "0-1"]
[WhiteElo "2159"]
[BlackElo "2049"]
[EventDate "2014.10.06"]
[PlyCount "60"]

1.e4 e6 2.d4 d5 3.Nd2 dxe4 4.Nxe4 Bd7 5.Nf3 Bc6 6.Bd3 Nd7 7.O-O Ngf6 8.Ng3
Be7 9.c4 Bxf3 10.Qxf3 c6 11.b3 Qa5 12.Bb2 Ba3 13.Bxa3 Qxa3 14.Rfe1 O-O 15.
Ne4 Nxe4 16.Rxe4 Rae8 17.Rae1 Qxa2 18.d5 Nc5 19.Rh4 g6 20.d6 Qxb3 21.Re3 
f5 22.Bf1 Qb2 23.Ra3 Qd2 24.Rxa7 Ra8 25.Rxa8 Rxa8 26.Qh3 Ra1 27.g3 Nd3 28.
Qg2 Ne1 29.Qh1 g5 30.Rh5 Ra2 0-1

[Event "53rd World U20 ch"]
[Site "Pune IND"]
[Date "2014.10.16"]
[Round "10.52"]
[White "Chaithanyaa, K. G."]
[Black "Fong Yit San"]
[Result "1-0"]
[WhiteElo "2029"]
[BlackElo "2149"]
[EventDate "2014.10.06"]
[PlyCount "101"]

1.e4 c5 2.Nf3 d6 3.d4 cxd4 4.Nxd4 Nf6 5.Nc3 a6 6.a4 e5 7.Nf3 Be7 8.Bc4 O-O
9.Bg5 Be6 10.Nd2 Nbd7 11.O-O Rc8 12.Qe2 Qc7 13.Bb3 Rfe8 14.a5 Nc5 15.Bxf6 
Nxb3 16.cxb3 Bxf6 17.Ra4 Qc6 18.Nc4 Rcd8 19.Ne3 Bxb3 20.Rb4 Be6 21.Ned5 
Bxd5 22.Nxd5 Bg5 23.Rc4 Qb5 24.Nc7 Qxa5 25.Nxe8 Rxe8 26.Rd1 Qb6 27.Qg4 h6 
28.Rc8 Rxc8 29.Qxc8+ Kh7 30.Qc2 g6 31.Rd3 Qb4 32.Rc3 Kg7 33.g3 Bd8 34.Rb3 
Qa4 35.Qd3 Qd7 36.Qd5 b6 37.Rd3 Be7 38.Qxe5+ dxe5 39.Rxd7 Bc5 40.Kf1 Kf6 
41.Ke2 Ke6 42.Rd8 a5 43.b3 f5 44.exf5+ Kxf5 45.f3 h5 46.h4 Bb4 47.Rd1 Bc5 
48.Rc1 Bd4 49.Rc6 Bc5 50.Kf1 g5 51.Rh6 1-0